Poistná matematika v teórii a v praxi zborník príspevkov 5. vedeckého seminára

Gespeichert in:
Bibliographische Detailangaben
Körperschaften: Poistná matematika v teórii a praxi. Vedecký seminár, Fakulta hospodárskej informatiky EU. Katedra matematiky, Slovenská spoločnosť aktuárov
Format: Buch
Sprache:Slowakisch
Englisch
Veröffentlicht: Bratislava Vydavateľstvo EKONÓM 2005
Schlagworte:
Tags: Tag hinzufügen
Keine Tags, Fügen Sie das erste Tag hinzu!

MARC

LEADER 00000nam a2200000 4500
001 0036312
005 20240318114554.9
020 |a 80-225-2106-X 
041 0 |a slo 
041 0 |a eng 
044 |a SK 
245 1 0 |a Poistná matematika v teórii a v praxi  |b zborník príspevkov 5. vedeckého seminára 
264 1 |a Bratislava  |b Vydavateľstvo EKONÓM  |c 2005 
300 |a 93 s. 
610 2 0 |a matematika poistná 
610 2 0 |a aktuári 
610 2 0 |a poistenie 
610 2 0 |a matematika 
610 2 0 |a poisťovníctvo 
110 2 |a Poistná matematika v teórii a praxi. Vedecký seminár 
710 2 |a Fakulta hospodárskej informatiky EU. Katedra matematiky 
710 2 |a Slovenská spoločnosť aktuárov